Rosie album songs (Rosé from Blackpink) - Statistics

General Stats
  • This quiz has been taken 124 times
  • The average score is 9 of 12
Answer Stats
Hint Answer % Correct
6 APT.
97%
1 number one girl
91%
4 toxic till the end
88%
5 drinks or coffee
86%
2 3am
85%
7 gameboy
77%
12 dance all night
76%
3 two years
75%
8 stay a little longer
73%
10 call it the end
70%
11 too bad for us
63%
9 not the same
60%
No matching quizzes found
Score Distribution
Percent of People with Each Score
Percentile by Number Answered
Your Score History
You have not taken this quiz